| 000 | 01064cam a22002651i 4500 | ||
|---|---|---|---|
| 003 | SA-RiAUC | ||
| 005 | 20250625140121.0 | ||
| 008 | 250604s1995 ua g 000 0 ara c | ||
| 020 | _a9771421824 | ||
| 040 |
_aSA-JeALM _bara _cSA-RiAUC _erda |
||
| 082 | 0 | 4 |
_a251.1 _qSA-RiAUC |
| 090 |
_a251.1 _bد ي ب |
||
| 100 | 1 |
_aالديب، عبد العظيم محمود، _d1929-2010 _eمؤلف. |
|
| 245 | 1 | 2 |
_aالعقل عند الأصوليين / _cعبد العظيم محمود الديب. |
| 250 | _aالطبعة الأولى. | ||
| 264 | 1 |
_aالمنصورة، مصر : _bدار الوفاء للطباعة، _c1995 |
|
| 300 |
_a78 صفحة ؛ _c21 سم |
||
| 336 |
_aنص _btxt _2rdacontent _3كتاب |
||
| 337 |
_aبدون وسيط _bn _2rdamedia |
||
| 338 |
_aمجلد _bnc _2rdacarrier |
||
| 500 | _aاهداء من المؤلف عبدالعظيم الديب الى الشيخ رحمه الله بتاريخ 21 / 7 / 1416 هـ | ||
| 650 | 7 |
_aأصول الفقه الإسلامي _2aucsh |
|
| 942 |
_2ddc _cBOOK _n0 |
||
| 949 |
_aSA-JeALM _d250604 _uosman123 _n1 |
||
| 999 |
_c9165 _d9165 |
||